Luksemburški vrt /

Hlavní autor: Ajvaz, Michal, 1949-
Další autoři: Cimpl-Simeonović, Aleksandra, 1965-
Jazyk: Srbština
Vydáno: Beograd : Liberland art, 2022
Vydání: Prvo izdanje
Edice: Atlas (Liberland)
Témata:
Fyzický popis: 175 stran ; 21 cm
Knihy
Uloženo v:
LEADER 01330nam a2200397 i 4500
001 001850659
003 CZ BrMZK
005 20230412113109.0
007 ta
008 230302s2022 rb g 000 f srp
020 |a 978-86-81858-69-1  |q (brožováno) 
040 |a BOA001  |b cze  |e rda 
041 1 |a srp  |h cze 
072 7 |a 821.162.3-3  |x Česká próza  |2 Konspekt  |9 25 
080 |a 821.162.3-31  |2 MRF 
080 |a (0:82-31)  |2 MRF 
100 1 |a Ajvaz, Michal,  |d 1949-  |7 jn19990000066  |4 aut 
240 1 0 |a Lucemburská zahrada.  |l Srbsky  |7 aun20231183387 
245 1 0 |a Luksemburški vrt /  |c Michal Ajvaz ; sa češkog prevela Aleksandra Cimpl-Simeonović 
250 |a Prvo izdanje 
264 1 |a Beograd :  |b Liberland art,  |c 2022 
300 |a 175 stran ;  |c 21 cm 
336 |a text  |b txt  |2 rdacontent 
337 |a bez média  |b n  |2 rdamedia 
338 |a svazek  |b nc  |2 rdacarrier 
490 1 |a Atlas 
500 |a Chronologický přehled 
500 |a 1000 výtisků 
655 7 |a české romány  |7 fd133974  |2 czenas 
655 9 |a Czech fiction  |2 eczenas 
700 1 |a Cimpl-Simeonović, Aleksandra,  |d 1965-  |7 jo2014815471  |4 trl 
830 0 |a Atlas (Liberland) 
910 |a BOA001  |b 2-1503.523 
990 |a BK 
991 |b 202304  |c NOV 
996 7 |b 2610933569  |c 2-1503.523  |l MZK  |r Sklad / do 1 hodiny  |n 0  |p dar  |w 001918009  |u 000010  |a 1  |e BOA001  |j MZK50  |s A